15 Bands on G - Statistics

General Stats
  • This quiz has been taken 17 times
    9 since last reset
  • The average score is 5 of 15
Answer Stats
Answer % Correct
Guns N' Roses
71%
Genesis
57%
Green Day
57%
Garbage
43%
Grateful Dead
43%
Ghost
29%
Girls Aloud
29%
Goat
29%
Gorillaz
29%
Gerry & the Pacemakers
14%
Girls at Our Best
14%
Glasvegas
14%
Good Charlotte
14%
the Go-Go's
14%
Generation X
0%
No matching quizzes found
Score Distribution
Percent of People with Each Score
Percentile by Number Answered
Your Score History
You have not taken this quiz since the last reset